00488 2200193 4500001002100000005001500021008004100036020002100077035001900098041000700117082000800124090001400132100001300146245004400159260003200203300003300235500001100268650001500279INLIS00000000000407020241224112836241224||||||||| | ||| |||| || |  a978-602-8442-114 0010-1224004070 aid0 a505 a505 KEB c0 aKebamoto00aCara Mudah Memahami Sains Sehari-Sehari aJakartabNera Pustakac2013 avi, 123 hlm. : ilus. ; 21 cm aCet. 1 0aIlmu Murni